| 000 | 01879nam a2200217Ia 4500 | ||
|---|---|---|---|
| 003 | Ost | ||
| 005 | 20260507075331.0 | ||
| 008 | 260507s9999||||xx |||||||||||||| ||und|| | ||
| 020 | _a86741699579 | ||
| 040 | _cfsecg | ||
| 041 | _aara | ||
| 082 | _a330 | ||
| 100 |
_aديري، زاهد محمد _eمؤلف |
||
| 245 | 0 |
_aإدارة الأعمال الدولية / _c زاهد محمد ديري |
|
| 260 |
_aعمان: _bدار الثقافة, _c2011 |
||
| 300 |
_a320 صفحة؛ _bإيضاحات ؛ _c25 سم |
||
| 520 | _aمقدمة في ادارة الاعمال الدولية ، جدوى الاستثمارات الاجنبية : تحليل لوجهات النظر البديلة و دور الشركات متعددة الجنسيات ، استراتيجية ادارة الموارد البشرية الدولية و متعددة الجنسية ، الادارة الالكترونية للمواد البشرية في ظل الأعمال الدولية ، استراتيجيات الشركات التكنولوجية عابرة القارات ، تنظيم و توجيه الاستثمارات الأجنبية : السياسات و الاجراءات و الحوافز في الدول المضيفة ، مفهوم العولمة و تطورها و مدى قبولها ، الاستثمار الاجنبي المباشر و التخطيط الاستراتيجي ، التكتلات و الاحلاف الاستراتيجية الكونية ، البيئة السياسية الدولية و البيئة الاقتصادية و الثقافية و الاجتماعية و القانونية ، التجارة الدولية ، ميزان المدفوعات و أسعار العملات ، ادارة الاعمال الدولية العكسية | ||
| 653 | _aإدارة الأعمال | ||
| 653 | _aالشركات المتعددة الجنسية | ||
| 942 | _cكتاب | ||
| 999 |
_c44002 _d44002 |
||